| 000 | 00762nam a22002177a 4500 | ||
|---|---|---|---|
| 999 |
_c14467 _d14467 |
||
| 003 | AR-CdUCM | ||
| 008 | 190423b ||||| |||| 00| 0 spa d | ||
| 020 | _a978-958-30-1539-7 | ||
| 040 |
_aMUNICIPALIDAD PROVINCIAL DEL CUSCO _cBIBLIOTECA MUNICIPAL DEL CUSCO |
||
| 082 |
_aPI / 808.06 / _bP48 |
||
| 100 |
_aEldin, Peter _933265 |
||
| 245 |
_aPuedo hacer magia : _bJuegos mentales / |
||
| 260 |
_aColombia : _bPanamericana, _c2005. |
||
| 300 |
_a32 páginas ; _bIlustraciones, _c29 cm. |
||
| 505 | _aContenido: Encuentra a la dama -- Palitos mágicos -- calculo anticipado -- Engaño tonto... | ||
| 650 |
_aMagia _920651 |
||
| 650 |
_aCuriosidades para niños _933266 |
||
| 650 |
_aPrimera infancia _924660 |
||
| 942 |
_2ddc _cLIBROS |
||
| 945 |
_adavv _d23/04/2019 |
||